000 00425nam a2200157 i 4500
001 80518
003 ES-MaACL
005 20230906174232.0
007 t|
008 041028s1968 sp ||||1| spa d
245 0 0 _aHomenaje a D. Carlos Sanz.
260 _aMadrid :
_b[s.n.,
_c1968]
300 _a19 p. ;
_c24 cm.
500 _aEs separata de: Revista de Indias, 1967, nÂș 109-110.
852 _aES-MaACL
_j2075-F-11
_bR.75280
999 _c80518
_d80518